Dünya Ülkeleri - Bir dakikalık sürat koşusu - Statistics

General Stats
  • This quiz has been taken 2 531 times
  • The average score is 22 of 196
Answers on the Map
Answers color-coded by a green-red scale on the quiz's map according to % correct below.
 
Answer Stats
Ülke % Correct
Birleşik Devletler
89%
Türkiye
83%
Kanada
79%
Rusya
75%
Çin
66%
Almanya
57%
Fransa
56%
Meksika
54%
Brezilya
49%
İspanya
44%
Irak
35%
İran
35%
İtalya
34%
Mısır
33%
İsveç
32%
Arjantin
31%
Danimarka
31%
Hindistan
31%
Suriye
31%
Fas
30%
Portekiz
30%
Şili
29%
Norveç
28%
Birleşik Krallık
27%
Japonya
27%
Yunanistan
23%
Cezayir
22%
Ukrayna
22%
Çad
21%
İzlanda
21%
Azerbaycan
20%
İrlanda
20%
Libya
19%
Tunus
19%
Kazakistan
18%
Peru
18%
Avustralya
17%
Finlandiya
17%
Birleşik Arap Emirlikleri
16%
Avusturya
15%
Hollanda
15%
Moğolistan
15%
Polonya
15%
Belçika
13%
Ermenistan
13%
İsviçre
13%
Kıbrıs
13%
Uruguay
13%
Yemen
13%
Kolombiya
12%
Küba
12%
Bulgaristan
11%
İsrail
11%
Pakistan
11%
Suudi Arabistan
11%
Umman
11%
Beyaz Rusya
10%
Bolivya
10%
Güney Kore
10%
Mali
10%
Nijer
10%
Panama
10%
Paraguay
10%
Ürdün
10%
Demokratik Kongo Cumhuriyeti
9%
Gürcistan
9%
Katar
9%
Kongo Cumhuriyeti
9%
Kuzey Kore
9%
Lübnan
9%
Romanya
9%
Sudan
9%
Çekya
8%
Gana
8%
Gine
8%
Nepal
8%
Afganistan
7%
Ekvador
7%
Endonezya
7%
Estonya
7%
Fiji
7%
Honduras
7%
Kuveyt
7%
Letonya
7%
Litvanya
7%
Malta
7%
Türkmenistan
7%
Venezuela
7%
Andorra
6%
Angola
6%
Belize
6%
Haiti
6%
Kenya
6%
Kosova
6%
Macaristan
6%
Madagaskar
6%
Nijerya
6%
Özbekistan
6%
Togo
6%
Vatikan
6%
Arnavutluk
5%
Bosna-Hersek
5%
Guatemala
5%
Güney Afrika
5%
Guyana
5%
Jamaika
5%
Karadağ
5%
Kırgızistan
5%
Laos
5%
Moldova
5%
Sırbistan
5%
Surinam
5%
Tayland
5%
Yeni Zelanda
5%
Bahreyn
4%
Benin
4%
Bhutan
4%
Dominika
4%
El Salvador
4%
Hırvatistan
4%
Kosta Rika
4%
Kuzey Makedonya
4%
Malezya
4%
Monako
4%
Nikaragua
4%
Orta Afrika Cumhuriyeti
4%
Senegal
4%
Slovakya
4%
Slovenya
4%
Somali
4%
Sri Lanka
4%
Tayvan
4%
Uganda
4%
Vietnam
4%
Bahamalar
3%
Bangladeş
3%
Cibuti
3%
Eritre
3%
Filipinler
3%
Kamerun
3%
Kiribati
3%
Lüksemburg
3%
Malavi
3%
Moritanya
3%
Nauru
3%
Palau
3%
Papua Yeni Gine
3%
San Marino
3%
Tacikistan
3%
Tonga
3%
Tuvalu
3%
Barbados
2%
Birmanya
2%
Burundi
2%
Dominik Cumhuriyeti
2%
Etiyopya
2%
Gabon
2%
Gambiya
2%
Güney Sudan
2%
Kamboçya
2%
Liberya
2%
Maldivler
2%
Ruanda
2%
Samoa
2%
Vanuatu
2%
Antigua ve Barbuda
1%
Botsvana
1%
Brunei
1%
Burkina Faso
1%
Doğu Timor
1%
Ekvator Ginesi
1%
Esvatini
1%
Fildişi Sahili
1%
Gine-Bissau
1%
Grenada
1%
Komorlar
1%
Lesotho
1%
Lihtenştayn
1%
Marshall Adaları
1%
Mikronezya Federal Devletleri
1%
Mozambik
1%
Namibya
1%
Saint Kitts ve Nevis
1%
Saint Lucia
1%
Saint Vincent ve Grenadinler
1%
São Tomé ve Príncipe
1%
Seyşeller
1%
Sierra Leone
1%
Singapur
1%
Tanzanya
1%
Trinidad ve Tobago
1%
Yeşil Burun
1%
Zambiya
1%
Zimbabve
1%
Mauritius
0%
Solomon Adaları
0%
No matching quizzes found
Score Distribution
Percent of People with Each Score
Percentile by Number Answered
Your Score History
You have not taken this quiz